000 00589nam a2200229Ia 4500
003 OSt
005 20220924150416.0
006 a|||||r|||| 00| 0
007 ta
008 220923b |||||||| |||| 00| 0 tel d
024 _a333022
037 _cTextual
040 _aARTS
_cARTS
_btel
041 _2tel
_atel
082 _aO35,1J102,1:g, L4
100 _aRao Narasinha
_9221705
245 0 _aKavyaparichyalu vasu charitra
260 _c1974
650 _aTELUGU POETRY
942 _hO35,1J102,1:g, L4
_cTEXL
_2CC
999 _c463224
_d463224